| 000 | 00506nam a2200181Ia 4500 | ||
|---|---|---|---|
| 005 | 20250508162728.0 | ||
| 008 | 008 250505s9999 xx 000 0 eng d | ||
| 037 | _aTextual | ||
| 040 |
_aFEDL _beng _cFEDL |
||
| 041 |
_aeng _2eng |
||
| 084 |
_a954.03, SHA _qFEDL |
||
| 100 |
_aSharma L P _9773925 |
||
| 245 | 0 | _aHistory of modern India | |
| 260 |
_aNew Delhi, India _bKonark Publishers Private Ltd. _c1987 |
||
| 300 | _a410p. | ||
| 942 |
_cTEXL _h954.03, SHA |
||
| 999 |
_c1378349 _d1378349 |
||